Golf, Erap and other 4-letter words / (Record no. 345301)
[ view plain ]
| 000 -LEADER | |
|---|---|
| fixed length control field | 00651nam a2200253Ia 4500 |
| 008 - FIXED-LENGTH DATA ELEMENTS--GENERAL INFORMATION | |
| fixed length control field | 171120s9999 xx 000 0 und d |
| 020 ## - INTERNATIONAL STANDARD BOOK NUMBER | |
| International Standard Book Number | 9712708780 |
| 050 ## - LIBRARY OF CONGRESS CALL NUMBER | |
| Classification number | 320 |
| 050 ## - LIBRARY OF CONGRESS CALL NUMBER | |
| Item number | L769 1999 |
| 100 ## - MAIN ENTRY--PERSONAL NAME | |
| Personal name | Lising, Gary |
| 245 ## - TITLE STATEMENT | |
| Title | Golf, Erap and other 4-letter words / |
| 245 ## - TITLE STATEMENT | |
| Statement of responsibility, etc | by Gary Lising. |
| 260 ## - PUBLICATION, DISTRIBUTION, ETC. (IMPRINT) | |
| Place of publication, distribution, etc | Philippines : |
| 260 ## - PUBLICATION, DISTRIBUTION, ETC. (IMPRINT) | |
| Name of publisher, distributor, etc | Anvil, |
| 260 ## - PUBLICATION, DISTRIBUTION, ETC. (IMPRINT) | |
| Date of publication, distribution, etc | 1999 |
| 300 ## - PHYSICAL DESCRIPTION | |
| Extent | 249 pages : |
| 300 ## - PHYSICAL DESCRIPTION | |
| Other physical details | illustrations ; |
| 300 ## - PHYSICAL DESCRIPTION | |
| Dimensions | 22cm. |
| 650 ## - SUBJECT ADDED ENTRY--TOPICAL TERM | |
| Topical term or geographic name as entry element | Philippine wit and humor. |
| 650 ## - SUBJECT ADDED ENTRY--TOPICAL TERM | |
| Topical term or geographic name as entry element | Philippines -- Politics and government -- |
| 650 ## - SUBJECT ADDED ENTRY--TOPICAL TERM | |
| Topical term or geographic name as entry element | Politics and government. |
| 650 ## - SUBJECT ADDED ENTRY--TOPICAL TERM | |
| General subdivision | 1986- -- Humor. |
| 700 ## - ADDED ENTRY--PERSONAL NAME | |
| Personal name | Title. |
| Withdrawn status | Lost status | Damaged status | Home library | Current library | Date acquired | Total Checkouts | Full call number | Barcode | Date last seen | Price effective from | Koha item type |
|---|---|---|---|---|---|---|---|---|---|---|---|
| Stonyhurst Southville International School (Malarayat) | Stonyhurst Southville International School (Malarayat) | 11/20/2017 | FIL 320 L769 1999 | SSISM4345 | 11/20/2017 | 11/20/2017 | Books |